| 000 | 00604 a2200181 4500 | ||
|---|---|---|---|
| 001 | 132419 | ||
| 003 | OSt | ||
| 005 | 20211027141925.0 | ||
| 008 | |||
| 082 |
_a658.406 _bC14M |
||
| 100 | 1 | _aCameron, Esther | |
| 245 | 1 |
_aMaking sense of change management _cby Esther Cameron and Mike Green |
|
| 260 |
_aLondon _bKogan Page _c2004 |
||
| 300 | _a280p. | ||
| 690 | _aOrganizational change--Management; Teams in the workplace--Management; Reengineering (Management); Information technology--Management; Organizational change | ||
| 700 | _aGreen, Mike | ||
| 942 |
_2ddc _cBK |
||
| 999 |
_c6785 _d6785 |
||